Statistiken für Queen - The Greatest Hits 1,2 & 3

Klicken Sie hier um das Quiz zu spielen!

Allgemein

  • Dieses Quiz wurde 195 mal gespielt
  • Das Durchschnittsergebnis liegt bei 18 aus 51

Antwortstatistiken

HintsSongnames% Korrekt
GalileoBohemian Rhapsody
98%
DustAnother one bites the Dust
83%
DustAnother one bites the Dust
83%
RadioRadio ga ga
83%
ChampionsWe are the Champions
81%
FreeI want to break free
79%
QueenKiller Queen
78%
PressureUnder Pressure
78%
RockWe will Rock you
74%
ShowThe Show must go on
69%
RaceBicycle Race
60%
CrazyCrazy little thing called Love
59%
MagicA kind of Magic
58%
LoveSomebody to love
54%
FatFat bottomed Girls
52%
ForeverWho wants to live forever
45%
my bestYou´re my best Friend
45%
FriendsFriends will be Friends
44%
Too muchToo much Love will kill you
36%
FallHammer to Fall
32%
WantI want it all
32%
BoyGood old-fashioned lover Boy
31%
StopDon´t stop me now
28%
SaveSave Me
28%
DrivenDriven by you
27%
GamePlay the Game
26%
MadI´m going slightly mad
24%
HereNow i´m here
24%
OneOne Vision
22%
Pressure(+feat)Under Pressure (feat. David Bowie)
21%
SuperheroFlash
19%
ManThe invisible Man
18%
LifeIt´s a hard Life
17%
7Seven Seas of Rhye
15%
ChristmasThank God it´s Christmas
14%
GreatThe great Pretender
14%
HeavenHeaven for everyone
13%
FoolYou don´t fool me
13%
HeadHeadlong
12%
Keep on tryingInnuendo
11%
AmorLas Palabras de Amor
11%
LiveLet me live
11%
LivingLiving on my own
9%
PrincesPrinces of the Universe
9%
BreakBreakthru
8%
DaysThese are the Days of our Lives
7%
Sagrada Familia(+feat)Barcelona (feat. Montserrat Caballé)
3%
Love(+feat)Somebody to Love (feat. George Michael)
3%
Show(+feat)The Show must go on (feat. Elton John)
3%
No oneNo one but you (only the good die young)
2%
WizardThe Miracle
2%

Verteilung der Resultate

Perzentil nach korrekt beantworteten Fragen

Anzahl Personen mit jedem Resultat

Ihre Resultats-Entwicklung

Sie haben dieses Quiz noch nicht gespielt